[Event "18sen.Bay.EM2006 Schney op"]
[Site "Schloss Schney (25.6.-3.7)"]
[Date "2006.06.29"]
[Round "5.32"]
[White "Wanner, Georges"]
[Black "Lueders, Guenther Dr"]
[Result "1-0"]
[WhiteElo "1593"]
[BlackElo "1696"]
[PlyCount "38"]
[EventDate "2006.07.??"]
[Source "Ganslmayer"]
[SourceDate "2012.12.20"]

1. e4 c5 2. Nf3 Nc6 3. d4 cxd4 4. Nxd4 e6 5. Nc3 a6 6. Be3 d6 7. Qd2 Nf6 8. Be2
Qc7 9. f4 Be7 10. O-O-O Bd7 11. g4 O-O-O 12. g5 Ne8 13. Kb1 f6 14. h4 Kb8 15.
Bc4 Qc8 16. Nxc6+ Qxc6 17. Qd4 Rc8 18. Qa7+ Kc7 19. Bb3 Kd8 1-0

[Event "18sen.Bay.EM2006 Schney op"]
[Site "Schloss Schney (25.6.-3.7)"]
[Date "2006.06.29"]
[Round "5.34"]
[White "Winkler, Karl-Heinz(32)"]
[Black "Straesser, Gerda"]
[Result "1-0"]
[WhiteElo "1702"]
[BlackElo "1539"]
[PlyCount "93"]
[EventDate "2006.07.??"]
[Source "Ganslmayer"]
[SourceDate "2012.12.20"]

1. Nc3 e6 2. d4 d5 3. Nf3 Nf6 4. Bg5 Nbd7 5. Ne5 Be7 6. e3 O-O 7. h3 c5 8. Nxd7
Bxd7 9. a3 Rc8 10. Be2 a6 11. O-O b5 12. Nb1 h6 13. Bh4 Re8 14. c3 c4 15. Nd2
Bc6 16. Nf3 Ne4 17. Bxe7 Qxe7 18. Ne5 Nf6 19. f4 Rf8 20. Qe1 Nd7 21. Nxc6 Rxc6
22. Bf3 Nf6 23. e4 dxe4 24. Bxe4 Nxe4 25. Qxe4 Rc7 26. Rfe1 Qd6 27. Qe5 Qxe5
28. Rxe5 Rd8 29. Kf2 Kf8 30. g4 Rc6 31. Kf3 Rd5 32. Re3 Rd8 33. Rae1 Rc7 34. f5
exf5 35. gxf5 Rcc8 36. Kf4 Re8 37. Re5 f6 38. R5e4 Rxe4+ 39. Rxe4 Re8 40. d5
Rxe4+ 41. Kxe4 Ke7 42. h4 h5 43. Kd4 Kd6 44. a4 bxa4 45. Kxc4 Ke5 46. Kc5 Kxf5
47. Kc6 1-0

[Event "18sen.Bay.EM2006 Schney op"]
[Site "Schloss Schney (25.6.-3.7)"]
[Date "2006.06.29"]
[Round "5.35"]
[White "Klinger, Rudolf++"]
[Black "Erdmann, Wolfgang"]
[Result "1/2-1/2"]
[WhiteElo "2114"]
[BlackElo "1505"]
[PlyCount "61"]
[EventDate "2006.07.??"]
[Source "Ganslmayer"]
[SourceDate "2012.12.20"]

1. e4 d6 2. f4 Nf6 3. Nc3 g6 4. Nf3 Bg7 5. d3 Nc6 6. Be2 Ng4 7. Bd2 Nf6 8. h3
Nh5 9. g4 Ng3 10. Rg1 Nxe2 11. Qxe2 Nd4 12. Nxd4 Bxd4 13. Rg2 h5 14. O-O-O e6
15. f5 Qf6 16. Rf1 Bd7 17. fxe6 Qxe6 18. Nd5 O-O-O 19. c3 Bg7 20. Bg5 Rde8 21.
Qf2 f6 22. Be3 Ref8 23. gxh5 g5 24. Qe2 Kd8 25. h4 g4 26. Kb1 Qf7 27. Nf4 Rfg8
28. e5 dxe5 29. Ng6 Rh7 30. Nxe5 Qxh5 31. Nxd7 1/2-1/2

[Event "18sen.Bay.EM2006 Schney op"]
[Site "Schloss Schney (25.6.-3.7)"]
[Date "2006.06.29"]
[Round "5.36"]
[White "Karner, Irmgard"]
[Black "Bauer, Hermann(31)"]
[Result "1-0"]
[WhiteElo "1575"]
[BlackElo "1620"]
[PlyCount "53"]
[EventDate "2006.07.??"]
[Source "Ganslmayer"]
[SourceDate "2012.12.20"]

1. d4 Nf6 2. Nf3 g6 3. b3 Bg7 4. Bb2 d6 5. h4 b6 6. e3 O-O 7. c4 Bb7 8. Nbd2
Nbd7 9. Be2 c6 10. O-O Qc7 11. Qc2 a6 12. a3 Rac8 13. Rac1 Qb8 14. Qb1 Rc7 15.
Rfd1 Rfc8 16. Ne1 e6 17. Ndf3 b5 18. c5 dxc5 19. dxc5 Rd8 20. b4 Qa8 21. Qa1
Ne8 22. Bxg7 Nxg7 23. Ng5 a5 24. Ne4 axb4 25. axb4 Qxa1 26. Rxa1 Rdc8 27. Rxd7
1-0

[Event "18sen.Bay.EM2006 Schney op"]
[Site "Schloss Schney (25.6.-3.7)"]
[Date "2006.06.29"]
[Round "5.37"]
[White "Schuster, Herbert"]
[Black "Klose, Hans-Peter"]
[Result "1/2-1/2"]
[WhiteElo "1608"]
[BlackElo "1472"]
[PlyCount "85"]
[EventDate "2006.07.??"]
[Source "Ganslmayer"]
[SourceDate "2012.12.20"]

1. Nf3 Nf6 2. d4 g6 3. c4 Bg7 4. Nc3 O-O 5. g3 d6 6. Bg2 Nbd7 7. O-O c5 8. Re1
Rb8 9. a4 e5 10. dxe5 dxe5 11. e4 Re8 12. Bg5 h6 13. Bxf6 Nxf6 14. Qxd8 Rxd8
15. Nxe5 Be6 16. f4 Nd7 17. Nxd7 Rxd7 18. Nd5 Bxb2 19. Rab1 Bd4+ 20. Kf1 Bxd5
21. exd5 Kf8 22. Bh3 Re7 23. d6 Rxe1+ 24. Rxe1 Re8 25. Bg2 Rxe1+ 26. Kxe1 b6
27. Bc6 Bg1 28. Ke2 Bd4 29. g4 g5 30. f5 Be5 31. d7 Ke7 32. h3 f6 33. Kd3 Bc7
34. Ke4 Kd6 35. Bb5 Bd8 36. Ba6 Bc7 37. Bc8 Bd8 38. Ba6 Bc7 39. Bb5 Bd8 40. Kf3
Bc7 41. Kg2 Ke5 42. h4 Kf4 43. Kh3 1/2-1/2

[Event "18sen.Bay.EM2006 Schney op"]
[Site "Schloss Schney (25.6.-3.7)"]
[Date "2006.06.29"]
[Round "5.38"]
[White "Philipp, Gerhard"]
[Black "Jakubowski, Karl++"]
[Result "1/2-1/2"]
[WhiteElo "1593"]
[BlackElo "1373"]
[PlyCount "50"]
[EventDate "2006.07.??"]
[Source "Ganslmayer"]
[SourceDate "2012.12.20"]

1. e4 e5 2. Nf3 Nc6 3. Bb5 d6 4. d4 Bd7 5. Be3 Nf6 6. Nc3 Be7 7. d5 Nb8 8. Qd3
O-O 9. h3 a6 10. Bxd7 Nbxd7 11. Ne2 h6 12. O-O Nh7 13. Nd2 Bg5 14. f4 exf4 15.
Bxf4 Nc5 16. Qf3 Bxf4 17. Qxf4 Qg5 18. Rf3 Rae8 19. Ng3 Qg6 20. Nf5 Ng5 21. Rg3
Qf6 22. Re1 Qe5 23. Qg4 Nd7 24. h4 Nf6 25. Qd1 Nfxe4 1/2-1/2

[Event "18sen.Bay.EM2006 Schney op"]
[Site "Schloss Schney (25.6.-3.7)"]
[Date "2006.06.29"]
[Round "5.39"]
[White "Fiedler, Werner(23)"]
[Black "Grueneschild, Hildegard"]
[Result "0-1"]
[WhiteElo "1629"]
[BlackElo "1440"]
[PlyCount "112"]
[EventDate "2006.07.??"]
[Source "Ganslmayer"]
[SourceDate "2012.12.20"]

1. d4 Nf6 2. Nf3 g6 3. Bf4 Bg7 4. Nbd2 d6 5. h3 Nh5 6. Bh2 Nc6 7. e3 O-O 8. Be2
e6 9. c3 Nf6 10. Qc2 Bd7 11. e4 Rc8 12. O-O a6 13. Rad1 b5 14. e5 dxe5 15. Nxe5
Nxe5 16. Bxe5 Bc6 17. Bf3 Bd5 18. Rfe1 c5 19. Qb1 cxd4 20. Bxd4 Qa5 21. a3 Qc7
22. Bxd5 Nxd5 23. Bxg7 Kxg7 24. Nf3 Qf4 25. Rd4 Qf6 26. Qe4 a5 27. Ne5 Qe7 28.
Nd3 Qf6 29. Ne5 Rfd8 30. Red1 h5 31. Nf3 Rc5 32. Qe1 Rc4 33. Rxc4 bxc4 34. Rd4
Rc8 35. Qe4 Nb6 36. Ne5 Qg5 37. f4 Qf5 38. Qe1 Qc2 39. Rd2 Qf5 40. Rd4 f6 41.
Nf3 Rc6 42. Qe4 Qc5 43. Kf1 Qb5 44. Rd2 Qc5 45. Nd4 Qd5 46. Qe2 Rd6 47. g4 Qh1+
48. Kf2 Qh2+ 49. Ke3 Qxh3+ 50. Kf2 Qh2+ 51. Ke1 Qh1+ 52. Qf1 Qh4+ 53. Kd1 Qxg4+
54. Kc1 Nd5 55. Qxc4 Qg1+ 56. Rd1 Qxd1+ 0-1

[Event "18sen.Bay.EM2006 Schney op"]
[Site "Schloss Schney (25.6.-3.7)"]
[Date "2006.06.29"]
[Round "5.40"]
[White "Paulsen, Eckart"]
[Black "Brockhaus, Werner"]
[Result "0-1"]
[WhiteElo "1646"]
[BlackElo "1510"]
[PlyCount "68"]
[EventDate "2006.07.??"]
[Source "Ganslmayer"]
[SourceDate "2012.12.20"]

1. f4 Nf6 2. Nf3 d6 3. e3 g6 4. Be2 Bg7 5. O-O O-O 6. d3 b6 7. Nc3 Bb7 8. Qe1
Nbd7 9. e4 e6 10. Qh4 h6 11. Kh1 Nh7 12. Qh3 Ndf6 13. g4 Kh8 14. g5 Ng8 15. Rg1
h5 16. Nh4 Ne7 17. Rg3 Bc8 18. Qg2 Bd7 19. Bd2 c6 20. Rg1 Rg8 21. Bxh5 gxh5 22.
g6 Nxg6 23. Nxg6+ fxg6 24. Rxg6 Bf6 25. Nd1 Rc8 26. Ne3 Rxg6 27. Qxg6 Qg8 28.
Qxh5 Qf8 29. Ng4 Be8 30. Qh3 Rc7 31. f5 e5 32. Bh6 Qf7 33. Bd2 Qh5 34. Nh6 Rg7
0-1

[Event "18sen.Bay.EM2006 Schney op"]
[Site "Schloss Schney (25.6.-3.7)"]
[Date "2006.06.29"]
[Round "5.41"]
[White "Conitz, Helmut"]
[Black "Alefs, Heinz"]
[Result "0-1"]
[WhiteElo "1440"]
[BlackElo "1643"]
[PlyCount "44"]
[EventDate "2006.07.??"]
[Source "Ganslmayer"]
[SourceDate "2012.12.20"]

1. e4 c5 2. c3 Nc6 3. Nf3 e6 4. d4 cxd4 5. cxd4 Nf6 6. Nc3 Bb4 7. Bg5 Qa5 8.
Bd2 O-O 9. a3 Bxc3 10. Bxc3 Qd8 11. Bd3 d5 12. e5 Ne4 13. Qc2 f5 14. exf6 Nxf6
15. Ne5 Qe8 16. O-O-O Bd7 17. Nxd7 Qxd7 18. h3 Rac8 19. Bb5 Ne4 20. Bxc6 Qxc6
21. f3 Nxc3 22. Qxc3 Qd7 0-1

[Event "18sen.Bay.EM2006 Schney op"]
[Site "Schloss Schney (25.6.-3.7)"]
[Date "2006.06.29"]
[Round "5.42"]
[White "Froeling, Philippa"]
[Black "Zellner, Erwin"]
[Result "1/2-1/2"]
[WhiteElo "1227"]
[BlackElo "1613"]
[PlyCount "60"]
[EventDate "2006.07.??"]
[Source "Ganslmayer"]
[SourceDate "2012.12.20"]

1. Nf3 Nf6 2. d4 g6 3. g3 Bg7 4. Bg2 d6 5. O-O O-O 6. c4 c6 7. Nc3 Nbd7 8. e4
c5 9. d5 Ne8 10. Qc2 Ne5 11. Nxe5 Bxe5 12. Rb1 f5 13. Ne2 Ng7 14. f4 Bf6 15. b4
b6 16. bxc5 bxc5 17. Bb2 fxe4 18. Bxe4 Nf5 19. Qd2 Bd7 20. Bxf6 exf6 21. g4 Ng7
22. f5 g5 23. Rb2 Qc7 24. Rfb1 Rfb8 25. Rxb8+ Rxb8 26. Rxb8+ Qxb8 27. Qa5 Ne8
28. Nc3 Nc7 29. Bc2 Kf7 30. Ne4 Ke7 1/2-1/2

[Event "18sen.Bay.EM2006 Schney op"]
[Site "Schloss Schney (25.6.-3.7)"]
[Date "2006.06.29"]
[Round "5.43"]
[White "Von Berg, Hans-Dieter"]
[Black "Wilfert, Eva-Maria"]
[Result "0-1"]
[WhiteElo "1491"]
[BlackElo "1543"]
[PlyCount "26"]
[EventDate "2006.07.??"]
[Source "Ganslmayer"]
[SourceDate "2012.12.20"]

1. d4 d5 2. Nf3 Nf6 3. c4 dxc4 4. a4 Bf5 5. Nc3 Nc6 6. e3 Nb4 7. e4 Nxe4 8. Ra3
Nd6 9. Bf4 Nc2+ 10. Kd2 Nxa3 11. bxa3 Ne4+ 12. Nxe4 Bxe4 13. Bxc4 Bxf3 0-1

[Event "18sen.Bay.EM2006 Schney op"]
[Site "Schloss Schney (25.6.-3.7)"]
[Date "2006.06.29"]
[Round "5.44"]
[White "Salomon, Heide++"]
[Black "Rudolph, Rainer"]
[Result "1/2-1/2"]
[WhiteElo "1522"]
[BlackElo "1345"]
[PlyCount "84"]
[EventDate "2006.07.??"]
[Source "Ganslmayer"]
[SourceDate "2012.12.20"]

1. e4 c5 2. d4 cxd4 3. c3 dxc3 4. Bc4 g6 5. Nxc3 Bg7 6. Nf3 Nc6 7. O-O e6 8.
Re1 Ne5 9. Nxe5 Bxe5 10. Nb5 Qe7 11. Qc2 a6 12. Na3 b5 13. Bd3 Bb7 14. Be3 Rc8
15. Qe2 Qf6 16. Nc2 Bxb2 17. Rab1 Be5 18. a4 Ne7 19. axb5 axb5 20. Rxb5 Bc6 21.
Rbb1 O-O 22. Nb4 Rb8 23. Rec1 Bf4 24. g3 Bxe3 25. Qxe3 Qe5 26. Nxc6 Nxc6 27.
Kg2 Rxb1 28. Rxb1 Rb8 29. Rd1 Rb3 30. Qe1 d5 31. exd5 Qxe1 32. Rxe1 Rxd3 33.
dxc6 Rc3 34. Rd1 Rxc6 35. Rd7 h5 36. h4 Kg7 37. f4 Kf6 38. Kf3 Rc3+ 39. Kf2 Rc5
40. Kf3 Rd5 41. Ra7 Rf5 42. Ke4 Rb5 1/2-1/2

[Event "18sen.Bay.EM2006 Schney op"]
[Site "Schloss Schney (25.6.-3.7)"]
[Date "2006.06.29"]
[Round "5.46"]
[White "Jurgan, Brigitte"]
[Black "Breitfuss, Joachim++"]
[Result "1/2-1/2"]
[WhiteElo "1163"]
[BlackElo "1385"]
[PlyCount "31"]
[EventDate "2006.07.??"]
[Source "Ganslmayer"]
[SourceDate "2012.12.20"]

1. d4 Nf6 2. c4 e6 3. Nf3 Bb4+ 4. Bd2 Bxd2+ 5. Nbxd2 Nc6 6. e3 d5 7. cxd5 exd5
8. Be2 Bg4 9. h3 Bxf3 10. Nxf3 O-O 11. Ne5 Nxe5 12. dxe5 Ne4 13. Bd3 c6 14.
Bxe4 dxe4 15. Qxd8 Rfxd8 16. O-O 1/2-1/2

[Event "18sen.Bay.EM2006 Schney op"]
[Site "Schloss Schney (25.6.-3.7)"]
[Date "2006.06.29"]
[Round "5.47"]
[White "Ludwig, Karl-Heinz ProfDr"]
[Black "Eckstein, Luise"]
[Result "1-0"]
[WhiteElo "1157"]
[BlackElo "1092"]
[PlyCount "101"]
[EventDate "2006.07.??"]
[Source "Ganslmayer"]
[SourceDate "2012.12.20"]

1. f4 d5 2. d4 Nc6 3. e3 Bf5 4. Bd3 Qd7 5. Nf3 Bxd3 6. Qxd3 O-O-O 7. O-O e6 8.
Ng5 g6 9. c4 h6 10. Nf3 Nge7 11. a3 f5 12. b4 b6 13. Bd2 a5 14. b5 Nb8 15. a4
Ng8 16. Nc3 Qf7 17. Ne5 Qe8 18. Qb1 Bb4 19. Qb2 Nf6 20. Na2 Bxd2 21. Qxd2 Nfd7
22. Nd3 Qe7 23. cxd5 exd5 24. Ne5 Qg7 25. Nc6 Rde8 26. Qc3 Nf6 27. Na7+ Kb7 28.
Nc6 Ne4 29. Qc2 Qd7 30. Rfc1 Re6 31. Ne5 Qd6 32. Nf7 Qd7 33. Nxh8 Qg7 34. Nxg6
Rxg6 35. Qe2 Rf6 36. Rc2 Rf7 37. Nc3 Nf6 38. Qf3 Rd7 39. Rac1 Qg4 40. Qxg4 Nxg4
41. Re2 Nf6 42. h3 Ne4 43. Nxe4 dxe4 44. g4 Rd5 45. Rg2 c6 46. bxc6+ Nxc6 47.
g5 h5 48. g6 Ne7 49. g7 Ng8 50. Rg5 h4 51. Rh5 1-0

[Event "18sen.Bay.EM2006 Schney op"]
[Site "Schloss Schney (25.6.-3.7)"]
[Date "2006.06.30"]
[Round "6.9"]
[White "Ziegler, Werner(31)"]
[Black "Walther, Diethelm"]
[Result "0-1"]
[WhiteElo "1828"]
[BlackElo "2036"]
[PlyCount "106"]
[EventDate "2006.07.??"]
[Source "Ganslmayer"]
[SourceDate "2012.12.20"]

1. e4 c5 2. Nf3 Nc6 3. d4 cxd4 4. Nxd4 g6 5. Nc3 Bg7 6. Be3 Nf6 7. Be2 d5 8.
exd5 Nxd5 9. Nxd5 Qxd5 10. Bf3 Qa5+ 11. c3 Ne5 12. Be2 Bd7 13. f4 Nc6 14. O-O
O-O 15. Nb3 Qc7 16. Bg4 f5 17. Bf3 e5 18. Bd5+ Kh8 19. fxe5 Bxe5 20. h3 Rfe8
21. Bf2 Bf6 22. Bxc6 Bxc6 23. Bd4 Qg7 24. Bxf6 Qxf6 25. Qd4 Kg7 26. Rfe1 Qxd4+
27. Nxd4 Be4 28. Kf2 a6 29. Rad1 Re7 30. Rd2 Rae8 31. Red1 Kf6 32. Nf3 h6 33.
Rd6+ Re6 34. R1d2 g5 35. g3 R8e7 36. R2d4 Bc6 37. Rd2 Rxd6 38. Rxd6+ Re6 39.
Rd8 Ke7 40. Rd2 Kf6 41. Nd4 Rd6 42. Ke3 Be4 43. g4 Bb1 44. b3 f4+ 45. Kf2 Rd7
46. Rb2 Bg6 47. Nf3 Rd3 48. c4 Be4 49. Ng1 Rg3 50. Re2 Ke5 51. Re1 Rd3 52. Ne2
Rd2 53. Kg1 f3 0-1

[Event "18sen.Bay.EM2006 Schney op"]
[Site "Schloss Schney (25.6.-3.7)"]
[Date "2006.06.30"]
[Round "6.41"]
[White "Zellner, Erwin"]
[Black "Antusch, Ingrid++"]
[Result "1-0"]
[WhiteElo "1613"]
[BlackElo "1446"]
[PlyCount "79"]
[EventDate "2006.07.??"]
[Source "Ganslmayer"]
[SourceDate "2012.12.20"]

1. Nf3 d5 2. d4 e6 3. e3 Bd6 4. Nbd2 Nd7 5. c4 c6 6. Bd3 f5 7. cxd5 cxd5 8. O-O
Ngf6 9. Re1 O-O 10. Nf1 Ne4 11. Rb1 Rf6 12. Bd2 Rh6 13. Rc1 Qe8 14. Qa4 Nef6
15. Bb5 a6 16. Ne5 Rb8 17. Rxc8 Rxc8 18. Bxd7 Nxd7 19. Qxd7 Qxd7 20. Nxd7 Rc7
21. Ne5 Rf6 22. f4 Rf8 23. Nd3 Rfc8 24. Bc3 b5 25. a3 Kf7 26. Re2 Bxa3 27. Ba5
Bd6 28. Bxc7 Rxc7 29. Kf2 a5 30. Ke1 a4 31. Kd1 b4 32. Rc2 Ra7 33. Kc1 Kf6 34.
Rc6 Be7 35. Nc5 Bxc5 36. Rxc5 Ra6 37. Nd2 h5 38. Nf3 b3 39. Rc7 a3 40. Ne5 1-0

[Event "18sen.Bay.EM2006 Schney op"]
[Site "Schloss Schney (25.6.-3.7)"]
[Date "2006.06.30"]
[Round "6.39"]
[White "Mueller, Lothar(27)"]
[Black "Lueders, Guenther Dr"]
[Result "0-1"]
[WhiteElo "1412"]
[BlackElo "1696"]
[PlyCount "60"]
[EventDate "2006.07.??"]
[Source "Ganslmayer"]
[SourceDate "2012.12.20"]

1. e4 c5 2. c3 Nc6 3. d4 cxd4 4. cxd4 e6 5. Nf3 d5 6. e5 Bd7 7. a3 Rc8 8. Nc3
a6 9. Bd3 Nge7 10. Bg5 Qb6 11. Na4 Qa7 12. Nc5 Nxd4 13. Nxd7 Nxf3+ 14. Qxf3
Kxd7 15. O-O Ke8 16. Rac1 Rxc1 17. Rxc1 Nc6 18. Be3 Qa8 19. Qg3 g6 20. Bg5 Be7
21. b4 Bxg5 22. Qxg5 Qd8 23. Qf4 Ne7 24. b5 a5 25. a4 h5 26. Qf6 Rf8 27. Qh4
Nf5 28. Qxd8+ Kxd8 29. b6 f6 30. exf6 Rxf6 0-1

[Event "18sen.Bay.EM2006 Schney op"]
[Site "Schloss Schney (25.6.-3.7)"]
[Date "2006.06.30"]
[Round "6.1"]
[White "Scheipl, Ralf"]
[Black "Walkewitz, Hubert"]
[Result "1/2-1/2"]
[WhiteElo "2184"]
[BlackElo "2182"]
[PlyCount "46"]
[EventDate "2006.07.??"]
[Source "Ganslmayer"]
[SourceDate "2012.12.20"]

1. e4 d5 2. exd5 Qxd5 3. Nc3 Qd8 4. d4 Nf6 5. Bc4 a6 6. Nf3 b5 7. Bb3 c5 8.
dxc5 Qxd1+ 9. Nxd1 e6 10. c3 Bxc5 11. Be3 Nfd7 12. Bc2 Bb7 13. a4 bxa4 14. Rxa4
Ke7 15. Nd4 g6 16. f3 Rc8 17. Nb3 Bd6 18. Na5 Bd5 19. c4 Bc6 20. Nxc6+ Nxc6 21.
Nc3 Nc5 22. Bxc5 Bxc5 23. Ne4 Bb4+ 1/2-1/2

[Event "18sen.Bay.EM2006 Schney op"]
[Site "Schloss Schney (25.6.-3.7)"]
[Date "2006.06.30"]
[Round "6.3"]
[White "Schurig, Wilhelm"]
[Black "Schmidt, Gerhard(40)"]
[Result "0-1"]
[WhiteElo "2023"]
[BlackElo "2139"]
[PlyCount "70"]
[EventDate "2006.07.??"]
[Source "Ganslmayer"]
[SourceDate "2012.12.20"]

1. Nf3 Nf6 2. g3 b5 3. Bg2 Bb7 4. d4 e6 5. O-O Be7 6. Nbd2 d5 7. Ne5 c5 8. c3
O-O 9. a4 cxd4 10. cxd4 Qb6 11. Ndf3 bxa4 12. Qxa4 Ba6 13. Qd1 h6 14. Re1 Rc8
15. Bd2 Nc6 16. Nxc6 Rxc6 17. Ne5 Rcc8 18. Qa4 Bb5 19. Qa5 Qxd4 20. Qxb5 Qxe5
21. Bf4 Qf5 22. Rec1 g5 23. Be3 Bf8 24. Rxc8 Rxc8 25. Qb7 Rd8 26. Rxa7 Rd7 27.
Qb6 Rxa7 28. Qxa7 e5 29. Bc5 Bxc5 30. Qxc5 Qb1+ 31. Bf1 Qxb2 32. h3 Kg7 33. Qc8
Qa1 34. Qf5 Ne4 35. f4 Qxf1+ 0-1

[Event "18sen.Bay.EM2006 Schney op"]
[Site "Schloss Schney (25.6.-3.7)"]
[Date "2006.06.30"]
[Round "6.4"]
[White "Wimmer, Herbert"]
[Black "Kahn, Peter"]
[Result "1/2-1/2"]
[WhiteElo "2114"]
[BlackElo "2023"]
[PlyCount "110"]
[EventDate "2006.07.??"]
[Source "Ganslmayer"]
[SourceDate "2012.12.20"]

1. d4 d5 2. c4 e6 3. Nc3 Nf6 4. Bg5 Nbd7 5. cxd5 exd5 6. e3 c6 7. Bd3 Be7 8.
Qc2 O-O 9. Nge2 Re8 10. O-O Nf8 11. Bxf6 Bxf6 12. b4 a6 13. a4 Qe7 14. b5 axb5
15. axb5 Be6 16. bxc6 bxc6 17. Na4 Qd6 18. Nc5 g6 19. Nc3 Nd7 20. N3a4 Reb8 21.
Na6 Rc8 22. Rab1 Nb8 23. N4c5 Nxa6 24. Nxa6 Ra7 25. Rfc1 Bd7 26. Qc5 Qxc5 27.
Nxc5 Be8 28. Ra1 Rca8 29. Rxa7 Rxa7 30. Rb1 Kf8 31. Kf1 Be7 32. Na6 Bd6 33. Rb6
Ke7 34. Nb8 Rc7 35. Na6 Ra7 36. g3 h6 37. e4 f6 38. f4 dxe4 39. Bxe4 Bc7 40.
Nxc7 Rxc7 41. Kf2 g5 42. fxg5 fxg5 43. Ke3 Kd6 44. Ra6 Bf7 45. Ra8 Re7 46. Kd3
Re8 47. Ra7 Bd5 48. Bxd5 Kxd5 49. Rd7+ Ke6 50. Rh7 Kd5 51. Rxh6 Ra8 52. Rg6
Ra3+ 53. Ke2 Kxd4 54. Rxc6 Ke4 55. Rc4+ Kf5 1/2-1/2

[Event "18sen.Bay.EM2006 Schney op"]
[Site "Schloss Schney (25.6.-3.7)"]
[Date "2006.06.30"]
[Round "6.5"]
[White "Jaenig, Reinhard"]
[Black "Hein, Manfred(36)"]
[Result "0-1"]
[WhiteElo "2021"]
[BlackElo "2021"]
[PlyCount "68"]
[EventDate "2006.07.??"]
[Source "Ganslmayer"]
[SourceDate "2012.12.20"]

1. Nf3 d5 2. d4 c6 3. e3 Bf5 4. c4 e6 5. Nc3 h6 6. Qb3 Qb6 7. c5 Qxb3 8. axb3
Nf6 9. b4 Be7 10. b5 O-O 11. Ne5 Rc8 12. f3 Nbd7 13. Nxd7 Nxd7 14. e4 dxe4 15.
fxe4 Bg6 16. b4 Nf6 17. bxc6 bxc6 18. Ba6 Rd8 19. Bb7 Rab8 20. Bxc6 Rxb4 21.
Rxa7 Bf8 22. e5 Nd5 23. Nxd5 exd5 24. Rd7 Rxd7 25. Bxd7 Rxd4 26. c6 Bb4+ 27.
Kf2 Rc4 28. h3 Be4 29. Kg3 Bc3 30. Bf4 g5 31. Bc1 Bxe5+ 32. Kf2 Rc2+ 33. Ke3
Bf4+ 34. Kd4 Rc4# 0-1

[Event "18sen.Bay.EM2006 Schney op"]
[Site "Schloss Schney (25.6.-3.7)"]
[Date "2006.06.30"]
[Round "6.6"]
[White "Goy, Udo"]
[Black "Romanow, Werner"]
[Result "0-1"]
[WhiteElo "2107"]
[BlackElo "1966"]
[PlyCount "70"]
[EventDate "2006.07.??"]
[Source "Ganslmayer"]
[SourceDate "2012.12.20"]

1. d4 d5 2. Nf3 Nf6 3. c4 c6 4. e3 e6 5. Bd3 Nbd7 6. O-O Bd6 7. Nc3 O-O 8. e4
dxe4 9. Nxe4 Nxe4 10. Bxe4 Nf6 11. Bc2 h6 12. Be3 Qc7 13. c5 Bf4 14. Qd3 Rd8
15. g3 Bxe3 16. fxe3 b6 17. Ne5 Kf8 18. Rf2 a5 19. cxb6 Qxb6 20. Nxf7 Kxf7 21.
Qg6+ Kf8 22. Raf1 Ra7 23. Rxf6+ gxf6 24. Rxf6+ Ke7 25. Rf7+ Kd6 26. Be4 Bd7 27.
Qxh6 Kc7 28. g4 Qb4 29. h4 Raa8 30. Qf4+ Qd6 31. g5 Rf8 32. Qxd6+ Kxd6 33. Rh7
e5 34. g6 exd4 35. exd4 Rf4 0-1

[Event "18sen.Bay.EM2006 Schney op"]
[Site "Schloss Schney (25.6.-3.7)"]
[Date "2006.06.30"]
[Round "6.7"]
[White "Weschke, Wolfgang++"]
[Black "Fischer, Gerd(41)"]
[Result "0-1"]
[WhiteElo "2114"]
[BlackElo "2092"]
[PlyCount "38"]
[EventDate "2006.07.??"]
[Source "Ganslmayer"]
[SourceDate "2012.12.20"]

1. d4 Nf6 2. c4 g6 3. Nc3 Bg7 4. e4 d6 5. h3 O-O 6. Be3 c5 7. dxc5 Qa5 8. Bd3
dxc5 9. Nf3 Rd8 10. Qc2 Nc6 11. Qe2 Nxe4 12. Bxe4 Bxc3+ 13. Bd2 Bxd2+ 14. Nxd2
Nd4 15. Qd1 Bf5 16. Bxf5 Nxf5 17. h4 Rd6 18. g4 Rad8 19. gxf5 Rxd2 0-1

[Event "18sen.Bay.EM2006 Schney op"]
[Site "Schloss Schney (25.6.-3.7)"]
[Date "2006.06.30"]
[Round "6.8"]
[White "Schulz, Wolfgang(32)"]
[Black "Mueller, Helmut(05.35)++"]
[Result "1-0"]
[WhiteElo "2035"]
[BlackElo "1850"]
[PlyCount "79"]
[EventDate "2006.07.??"]
[Source "Ganslmayer"]
[SourceDate "2012.12.20"]

1. d4 f5 2. Bg5 d6 3. e3 Nd7 4. Bd3 g6 5. f4 Ngf6 6. Nd2 Bg7 7. c3 c6 8. e4
fxe4 9. Nxe4 Nxe4 10. Bxe4 Nf6 11. Bd3 Qb6 12. Qc2 Bf5 13. O-O-O Bxd3 14. Qxd3
O-O-O 15. Nf3 Qa5 16. Kb1 Qf5 17. Rhe1 Qxd3+ 18. Rxd3 Rhe8 19. c4 Ng8 20. Rde3
Kd7 21. Kc2 Rb8 22. a4 a5 23. Bh4 b6 24. Bf2 Nh6 25. R3e2 Nf7 26. g4 e6 27. Bg3
c5 28. Rd1 Rbc8 29. b3 cxd4 30. Nxd4 Bxd4 31. Rxd4 d5 32. Kb2 Rc5 33. Red2 Kc6
34. cxd5+ Rxd5 35. Rc4+ Kb7 36. Rdc2 Rd7 37. f5 e5 38. fxg6 hxg6 39. Rc6 g5 40.
Bf2 1-0

[Event "18sen.Bay.EM2006 Schney op"]
[Site "Schloss Schney (25.6.-3.7)"]
[Date "2006.06.30"]
[Round "6.10"]
[White "Kraft, Hans(32)"]
[Black "Reimann, Guenther(43)"]
[Result "1-0"]
[WhiteElo "1981"]
[BlackElo "1870"]
[PlyCount "79"]
[EventDate "2006.07.??"]
[Source "Ganslmayer"]
[SourceDate "2012.12.20"]

1. e4 e6 2. d4 d5 3. e5 c5 4. c3 Nc6 5. Nf3 Bd7 6. a3 Rc8 7. dxc5 Bxc5 8. Bd3
Be7 9. h4 f5 10. Qe2 Na5 11. Nbd2 Nh6 12. b4 Nc6 13. c4 dxc4 14. Nxc4 Ng4 15.
Bf4 O-O 16. Rd1 a6 17. Ne3 Qc7 18. Nc4 Rcd8 19. Rc1 b5 20. Nd6 Qb6 21. O-O Nd4
22. Nxd4 Qxd4 23. Bg3 h5 24. Bb1 g6 25. Rfd1 Qb6 26. Rc5 Bc6 27. Ba2 f4 28. Qc2
Be8 29. Bxe6+ Kh7 30. Bxg4 fxg3 31. Bf3 gxf2+ 32. Kxf2 Bxh4+ 33. Kg1 Be7 34.
Qe4 Bd7 35. Kh1 Bf5 36. Qd5 Rd7 37. Rd4 Bxd6 38. Rc6 Qd8 39. Rxd6 Rxd6 40. Qxd6
1-0

[Event "18sen.Bay.EM2006 Schney op"]
[Site "Schloss Schney (25.6.-3.7)"]
[Date "2006.06.30"]
[Round "6.11"]
[White "Anliker, Peter"]
[Black "Aigner, Georg"]
[Result "1-0"]
[WhiteElo "1947"]
[BlackElo "1736"]
[PlyCount "107"]
[EventDate "2006.07.??"]
[Source "Ganslmayer"]
[SourceDate "2012.12.20"]

1. d4 f5 2. g3 Nf6 3. Bg2 e6 4. Nf3 Be7 5. O-O O-O 6. c4 d6 7. b3 Qe8 8. Bb2 c6
9. Nbd2 Na6 10. Re1 Nc7 11. e4 fxe4 12. Nxe4 Nxe4 13. Rxe4 Bf6 14. Qd2 Bd7 15.
Rae1 Qg6 16. Ba3 d5 17. R4e2 Rf7 18. Bd6 Ne8 19. Be5 Re7 20. Qb4 Bc8 21. Bxf6
Qxf6 22. Ne5 Qf8 23. Qd2 Qf5 24. Re3 Nf6 25. Rf3 Qh5 26. Rf4 Qh6 27. Qb4 Re8
28. Rh4 Qg5 29. f4 Qf5 30. Qd2 Nd7 31. Bh3 Qf8 32. Qd3 Nf6 33. g4 g6 34. g5 Ne4
35. Bg2 Qf5 36. Ng4 Kh8 37. Bxe4 dxe4 38. Qxe4 Bd7 39. Qe5+ Qxe5 40. fxe5 Rf8
41. Nf6 Rf7 42. Kf2 Rd8 43. Ke3 Bc8 44. Rf1 b6 45. Rf3 c5 46. dxc5 bxc5 47.
Rfh3 h5 48. gxh6 Rd1 49. Rg3 Re1+ 50. Kd2 Rxe5 51. Rxg6 Rf8 52. h7 Rd8+ 53. Kc3
Re3+ 54. Kb2 1-0

[Event "18sen.Bay.EM2006 Schney op"]
[Site "Schloss Schney (25.6.-3.7)"]
[Date "2006.06.30"]
[Round "6.12"]
[White "Pietruske, Siegfried"]
[Black "Geisensetter, Franz"]
[Result "1-0"]
[WhiteElo "1819"]
[BlackElo "1992"]
[PlyCount "59"]
[EventDate "2006.07.??"]
[Source "Ganslmayer"]
[SourceDate "2012.12.20"]

1. e4 d5 2. exd5 Nf6 3. Nc3 Nxd5 4. Nxd5 Qxd5 5. Qf3 Qe5+ 6. Ne2 Nc6 7. c3 Qd6
8. d4 e5 9. dxe5 Nxe5 10. Qe3 Be6 11. Nd4 O-O-O 12. Be2 Nc4 13. Qg3 Qd7 14. b3
Bd6 15. Bf4 g5 16. Bxd6 Nxd6 17. O-O Ne4 18. Qe3 Nxc3 19. Nxe6 Nxe2+ 20. Qxe2
Qxe6 21. Qf3 g4 22. Qc3 h5 23. Rac1 c6 24. Rce1 Qd7 25. Qc5 b6 26. Qg5 Rde8 27.
Rd1 Qe6 28. Qf4 Rh6 29. Qd2 Qe7 30. Qxh6 1-0